MARC details
| 000 -CABECERA |
| campo de control de longitud fija |
01299nam a2200193 a 4500 |
| 001 - NÚMERO DE CONTROL |
| campo de control |
000024072 |
| 005 - FECHA Y HORA DE LA ÚLTIMA TRANSACCIÓN |
| campo de control |
20200930022708.0 |
| 008 - DATOS DE LONGITUD FIJA--INFORMACIÓN GENERAL |
| campo de control de longitud fija |
110118s2005 ec a r 000 | spa d |
| 020 ## - NÚMERO INTERNACIONAL ESTÁNDAR DEL LIBRO |
| Número Internacional Estándar del Libro |
9978872612 |
| 040 ## - FUENTE DE LA CATALOGACIÓN |
| Centro catalogador/agencia de origen |
DO-SdBNP |
| Lengua de catalogación |
spa |
| Centro/agencia transcriptor |
BNPHU |
| 082 ## - NÚMERO DE LA CLASIFICACIÓN DECIMAL DEWEY |
| Número de clasificación |
xxx |
| Número de documento/Ítem |
M636 |
| 049 ## - FONDOS LOCALES (OCLC) |
| Fondos de biblioteca |
BNGR |
| 245 10 - MENCIÓN DE TÍTULO |
| Título |
Migrantes : |
| Resto del título |
problemas y ayudas / |
| Mención de responsabilidad, etc. |
edición de Javier Ponce Leiva. |
| 260 ## - PUBLICACIÓN, DISTRIBUCIÓN, ETC. |
| Lugar de publicación, distribución, etc. |
Quito, Ecuador : |
| Nombre del editor, distribuidor, etc. |
El Conejó, |
| Fecha de publicación, distribución, etc. |
2005. |
| 300 ## - DESCRIPCIÓN FÍSICA |
| Extensión |
279 p. : |
| Otras características físicas |
il. ; |
| Dimensiones |
21 cm. |
| 500 ## - NOTA GENERAL |
| Nota general |
Incluye notas al pie de páginas |
| 505 0# - NOTA DE CONTENIDO CON FORMATO |
| Título |
Estudio introductorio / |
| Mención de responsabilidad |
Javier Ponce Leiva |
| Título |
Los mecanismos internacionales de protección de los derechos inmigrantes / |
| Mención de responsabilidad |
Bolívar Torres |
| Título |
El plan nacional de apoyo a los emigrantes y sus familias / |
| Mención de responsabilidad |
Patricia Borja |
| Título |
La inmigración ecuatoriana en España: nuevas vidas nuevos problemas / |
| Mención de responsabilidad |
Pilar Ponce |
| Título |
El plan Bush para las migraciones / |
| Mención de responsabilidad |
Verónica Aguilar |
| Título |
Reseña histórica de la migración ecuatoriana a Alemania / |
| Mención de responsabilidad |
Xavier Bustamante |
| Título |
La migración ecuatoriana en los países de tránsito de Centroamérica / |
| Mención de responsabilidad |
Julia Alarcón |
| Título |
La acción de la ong y asociaciones de emigrantes en ecuador / |
| Mención de responsabilidad |
Miriam Esparza |
| Título |
El impacto del fenómeno de los desplazados, solicitantes de refugio y refugiados colombianos en el ecuador / |
| Mención de responsabilidad |
Santiago Martínez |
| 700 1# - PUNTO DE ACCESO ADICIONAL--NOMBRE DE PERSONA |
| Nombre de persona |
Ponce Leiva, Javier |
| Numeración |
ed. |
| 9 (RLIN) |
49459 |